| 000 | 00337nam a22001457a 4500 | ||
|---|---|---|---|
| 003 | OSt | ||
| 020 | _a0789721821 | ||
| 040 | _c0 | ||
| 082 |
_222 _a005.268 |
||
| 100 | _aHsiao, Aron | ||
| 245 | _aThe concise guide to Xfree86 for linux / | ||
| 260 |
_aUSA, _bQue corporation, _cc2000. |
||
| 300 |
_axiii, 464 p. ; _bill. ; |
||
| 942 |
_2ddc _cIT |
||
| 999 |
_c4521 _d4521 |
||